[Event "Bad Wildungen Seniors op 3rd"]
[Site "Bad Wildungen"]
[Date "2006.08.01"]
[Round "2"]
[White "Schlemminger, Degenhard"]
[Black "Dunkel, Horst"]
[Result "1-0"]
[WhiteElo "1698"]
[BlackElo "1483"]
[PlyCount "63"]
[EventDate "2006.07.31"]
[EventType "swiss"]
[EventRounds "9"]
[EventCountry "GER"]
[SourceTitle "EXT 2007"]
[Source "ChessBase"]
[SourceDate "2006.11.23"]
[SourceVersion "1"]
[SourceVersionDate "2006.11.23"]
[SourceQuality "1"]

1. d4 Nf6 2. Bf4 g6 3. Nf3 Bg7 4. e3 0-0 5. Nbd2 d5 6. Bd3 Nbd7 7. 0-0 c5 8. c3 Nh5 9. Bg3 Nxg3 10. fxg3 cxd4 11. exd4 Nf6 12. Re1 Bg4 13. Qb3 Bxf3 14. gxf3 b6 15. Re2 e6 16. Rae1 Ne8 17. f4 Nd6 18. Nf3 Qc7 19. Kg2 Rac8 20. h4 h5 21. Kh3 Bf6 22. Ne5 Bxe5 23. fxe5 Nc4 24. Qc2 Kg7 25. Rf2 Na5 26. Rf6 Nc6 27. Qe2 Ne7 28. g4 hxg4+ 29. Qxg4 Rh8 30. Ref1 Rcf8 31. Kg3 Rh5 32. Bxg6 1-0

[Event "EU-ch Seniors 05th"]
[Site "Bad Homburg"]
[Date "2005.??.??"]
[Round "4"]
[White "Kempen, Willi"]
[Black "Dunkel, Horst"]
[Result "1-0"]
[WhiteElo "2150"]
[BlackElo "1950"]
[PlyCount "59"]
[EventDate "2005.06.25"]
[EventType "swiss"]
[EventRounds "9"]
[EventCountry "GER"]
[SourceTitle "EXT 2006"]
[Source "ChessBase"]
[SourceDate "2005.11.24"]
[SourceVersion "1"]
[SourceVersionDate "2005.11.24"]
[SourceQuality "1"]

1. e4 d5 2. exd5 Qxd5 3. Nc3 Qa5 4. Bc4 Nf6 5. Qf3 c6 6. h3 Nbd7 7. d4 e6 8. Nge2 Bd6 9. Bd2 Qb6 10. 0-0 0-0 11. a3 Qc7 12. b4 Nb6 13. Bd3 Nbd5 14. Nxd5 exd5 15. Bg5 Be7 16. Ng3 Be6 17. Rfe1 Rfe8 18. Re2 h6 19. Bf4 Bd6 20. Bxh6 Be7 21. Bf4 Bd6 22. Be5 Qe7 23. Rae1 Rad8 24. Nf5 Bxf5 25. Bxf6 Qxf6 26. Rxe8+ Rxe8 27. Rxe8+ Kh7 28. Qh5+ Qh6 29. Bxf5+ g6 30. Rh8+ 1-0

[Event "Kaiserbrunnen op 1st"]
[Site "Brakel"]
[Date "2003.10.31"]
[Round "9"]
[White "Dunkel, Horst"]
[Black "Grams, Arthur"]
[Result "0-1"]
[WhiteElo "1575"]
[BlackElo "1707"]
[PlyCount "86"]
[EventDate "2003.07.??"]
[EventType "swiss"]
[EventRounds "9"]
[EventCountry "GER"]
[SourceTitle "EXT 2006"]
[Source "ChessBase"]
[SourceDate "2005.11.24"]
[SourceVersion "1"]
[SourceVersionDate "2005.11.24"]
[SourceQuality "1"]

1. d4 Nf6 2. c4 e5 3. dxe5 Ng4 4. Bf4 Nc6 5. Nf3 Bb4+ 6. Nbd2 Qe7 7. e3 Ngxe5 8. Nxe5 Nxe5 9. a3 Bxd2+ 10. Qxd2 d6 11. Be2 0-0 12. 0-0 Ng6 13. Bg3 Bf5 14. Bf3 Be4 15. Bxe4 Qxe4 16. Rac1 Rac8 17. Rfd1 Rfe8 18. Qd4 a6 19. b4 Qc6 20. h3 Ne7 21. Qd3 Rcd8 22. Qc2 b6 23. Bh4 f6 24. Bg3 Rd7 25. Qb3 Kf8 26. Qd3 Ng6 27. Qc2 Rde7 28. Rd5 Ne5 29. Bxe5 Rxe5 30. Rxe5 Rxe5 31. Qxh7 Rg5 32. e4 Qa4 33. h4 Qxa3 34. hxg5 Qxc1+ 35. Kh2 Qxg5 36. Qh8+ Ke7 37. Qc8 Qh6+ 38. Kg3 Qg5+ 39. Kf3 Qh5+ 40. Kg3 Qe5+ 41. Kg4 Qxe4+ 42. f4 Qxc4 43. g3 Qe6+ 0-1

[Event "Kaiserbrunnen op 1st"]
[Site "Brakel"]
[Date "2003.10.31"]
[Round "8"]
[White "Dunkel, Horst"]
[Black "Schwirz, Horst"]
[Result "1-0"]
[WhiteElo "1575"]
[BlackElo "1550"]
[PlyCount "53"]
[EventDate "2003.07.??"]
[EventType "swiss"]
[EventRounds "9"]
[EventCountry "GER"]
[SourceTitle "EXT 2006"]
[Source "ChessBase"]
[SourceDate "2005.11.24"]
[SourceVersion "1"]
[SourceVersionDate "2005.11.24"]
[SourceQuality "1"]

1. d4 Nf6 2. c4 g6 3. Nc3 Bg7 4. Nf3 0-0 5. Bg5 h6 6. Bf4 d6 7. h3 Nbd7 8. e3 Re8 9. Be2 a6 10. 0-0 Nh5 11. Bh2 e5 12. dxe5 dxe5 13. Rc1 c6 14. Ne4 c5 15. Qd2 Qb6 16. b3 f5 17. Nc3 Ndf6 18. Rfd1 e4 19. Ne1 Be6 20. Na4 Qd8 21. Qxd8 Rexd8 22. Nxc5 Rxd1 23. Rxd1 Bc8 24. Na4 Bd7 25. Nb6 Rd8 26. Bc7 Rc8 27. Nxc8 1-0

[Event "Bad Woerishofen Seniors op 19th"]
[Site "Bad Woerishofen"]
[Date "2003.03.17"]
[Round "5"]
[White "Dunkel, Horst"]
[Black "Weigel, Herbert"]
[Result "0-1"]
[WhiteElo "1529"]
[BlackElo "2143"]
[PlyCount "76"]
[EventDate "2003.03.13"]
[EventType "swiss"]
[EventRounds "9"]
[EventCountry "GER"]
[SourceTitle "EXT 2004"]
[Source "ChessBase"]
[SourceDate "2003.11.25"]
[SourceVersion "1"]
[SourceVersionDate "2003.11.25"]
[SourceQuality "1"]

1. e4 c5 2. Nf3 Nc6 3. Bb5 d6 4. Bxc6+ bxc6 5. h3 g6 6. d3 Bg7 7. 0-0 e6 8. Nbd2 a5 9. a4 Ne7 10. Rb1 Ba6 11. b3 0-0 12. Ba3 f6 13. Re1 Re8 14. Qe2 Nc8 15. Rbd1 Qc7 16. Qe3 Nb6 17. Qf4 Nd7 18. Qg3 e5 19. Nh2 Nf8 20. f4 Ne6 21. fxe5 fxe5 22. Ndf1 Rf8 23. Ng4 Nd4 24. Nfe3 Rf7 25. Bb2 Ne6 26. Qh4 h5 27. Nh2 Raf8 28. Nf3 Bc8 29. Bc1 Nf4 30. Ng5 Bf6 31. Qg3 h4 32. Qxh4 Qe7 33. Nc4 Bxg5 34. Qg3 Bh4 35. Qe3 Nxh3+ 36. Kh2 Bf2 37. Qh6 Bxe1 38. Rxe1 Nf4 0-1

[Event "Bad Woerishofen Seniors op 19th"]
[Site "Bad Woerishofen"]
[Date "2003.03.14"]
[Round "2"]
[White "Rahn, Oskar"]
[Black "Dunkel, Horst"]
[Result "0-1"]
[WhiteElo "2013"]
[BlackElo "1529"]
[PlyCount "56"]
[EventDate "2003.03.13"]
[EventType "swiss"]
[EventRounds "9"]
[EventCountry "GER"]
[SourceTitle "EXT 2004"]
[Source "ChessBase"]
[SourceDate "2003.11.25"]
[SourceVersion "1"]
[SourceVersionDate "2003.11.25"]
[SourceQuality "1"]

1. d4 e6 2. e4 d5 3. e5 c5 4. c3 Nc6 5. Be3 cxd4 6. cxd4 Bb4+ 7. Nc3 Qa5 8. Nge2 Nge7 9. a3 Bxc3+ 10. Nxc3 Nf5 11. Be2 0-0 12. 0-0 a6 13. g4 Nxe3 14. fxe3 Qd8 15. Qe1 f6 16. exf6 Rxf6 17. Rxf6 Qxf6 18. Qg3 Qe7 19. Rf1 b5 20. Bf3 Bb7 21. Nxd5 exd5 22. Bxd5+ Kh8 23. Rf7 Qd8 24. Bg2 Nxd4 25. Qe5 Ne2+ 26. Kf2 Qh4+ 27. Kxe2 Qxg4+ 28. Bf3 Qc4+ 0-1

[Event "Bad Woerishofen Seniors op 17th"]
[Site "Bad Woerishofen"]
[Date "2001.03.21"]
[Round "7"]
[White "Dunkel, Horst"]
[Black "Fels, Karl Heinz"]
[Result "1-0"]
[WhiteElo "1700"]
[BlackElo "1859"]
[PlyCount "91"]
[EventDate "2001.03.??"]
[EventType "swiss"]
[EventRounds "9"]
[EventCountry "GER"]
[SourceTitle "EXT 2002"]
[Source "ChessBase"]
[SourceDate "2001.11.25"]
[SourceVersion "1"]
[SourceVersionDate "2001.11.25"]
[SourceQuality "1"]

1. e4 e5 2. Bc4 Nf6 3. Nc3 Nc6 4. d3 Bb4 5. Bd2 0-0 6. Nge2 Na5 7. Bb3 Nxb3 8. axb3 d5 9. exd5 Nxd5 10. 0-0 Bc5 11. Ne4 Bb6 12. h3 f5 13. N4c3 c6 14. Na4 Bc7 15. Qe1 f4 16. f3 g5 17. Nc5 Qf6 18. Ne4 Qg6 19. c4 Nf6 20. N2c3 h5 21. Nxf6+ Qxf6 22. Ne4 Qg7 23. g4 hxg4 24. hxg4 Kf7 25. Kg2 Rh8 26. Rh1 Kg6 27. Rxh8 Qxh8 28. Qh1 Qxh1+ 29. Rxh1 Be6 30. Bc3 Rd8 31. Rd1 b6 32. b4 Rd7 33. Nf2 Rh7 34. Re1 Kf6 35. b3 Bg8 36. d4 exd4 37. Bxd4+ Kg6 38. Re8 Bf7 39. Ra8 b5 40. Rxa7 Be6 41. Ra6 Bd7 42. cxb5 Be8 43. bxc6 Bf7 44. b5 Bxb3 45. b6 Bb8 46. c7 1-0

[Event "Bad Woerishofen Seniors op 17th"]
[Site "Bad Woerishofen"]
[Date "2001.03.18"]
[Round "4"]
[White "Dunkel, Horst"]
[Black "Xander, Karl"]
[Result "1-0"]
[WhiteElo "1700"]
[BlackElo "1920"]
[PlyCount "120"]
[EventDate "2001.03.??"]
[EventType "swiss"]
[EventRounds "9"]
[EventCountry "GER"]
[SourceTitle "EXT 2002"]
[Source "ChessBase"]
[SourceDate "2001.11.25"]
[SourceVersion "1"]
[SourceVersionDate "2001.11.25"]
[SourceQuality "1"]

1. e4 c5 2. f4 Nc6 3. Bb5 e6 4. Bxc6 bxc6 5. Nf3 d5 6. e5 Ba6 7. d3 Nh6 8. 0-0 Nf5 9. b3 Be7 10. c4 0-0 11. Nc3 Qc7 12. Qe1 Rfd8 13. Qf2 Rd7 14. Na4 dxc4 15. dxc4 Nd4 16. Ba3 Qa5 17. Rac1 Rad8 18. Kh1 Bb7 19. Bb2 Nxf3 20. Qxf3 Qd2 21. h3 Rd3 22. Qf2 Qxf2 23. Rxf2 g5 24. Rcf1 g4 25. hxg4 Rg3 26. g5 h6 27. gxh6 Rg6 28. Kg1 Bh4 29. Rf3 Rd2 30. Rh3 Rgxg2+ 31. Kh1 Bg3 32. h7+ Kh8 33. f5 Bc8 34. Bc1 Rh2+ 35. Rxh2 Rxh2+ 36. Kg1 Bxe5 37. Bf4 Bxf4 38. Rxf4 Rxa2 39. fxe6 Bxe6 40. Nxc5 Kxh7 41. Nxe6 fxe6 42. Re4 Ra3 43. Rxe6 Rxb3 44. Kf2 a5 45. Rxc6 a4 46. Ke2 a3 47. Kd2 a2 48. Ra6 Rh3 49. Kc2 Kg7 50. Rxa2 Kf6 51. Ra5 Ke6 52. Rd5 Rg3 53. Rd2 Rh3 54. Rd3 Rh1 55. Kc3 Rc1+ 56. Kb4 Rb1+ 57. Ka5 Ra1+ 58. Kb5 Rb1+ 59. Kc6 Re1 60. c5 Re5 1-0

[Event "GER Cup Amateur Seniors 1st"]
[Site "Voelklingen"]
[Date "2000.10.10"]
[Round "5"]
[White "Hennige, Anneliese"]
[Black "Dunkel, Horst"]
[Result "0-1"]
[WhiteElo "100"]
[BlackElo "1651"]
[PlyCount "80"]
[EventDate "2000.10.??"]
[EventType "swiss"]
[EventRounds "9"]
[EventCountry "GER"]
[SourceTitle "EXT 2004"]
[Source "ChessBase"]
[SourceDate "2003.11.25"]
[SourceVersion "1"]
[SourceVersionDate "2003.11.25"]
[SourceQuality "1"]

1. e4 d5 2. d3 dxe4 3. Nc3 exd3 4. cxd3 Nf6 5. Nf3 Bg4 6. Be2 e6 7. 0-0 Be7 8. Qa4+ c6 9. Rd1 0-0 10. Qb3 Qc7 11. h3 Bxf3 12. Bxf3 Nbd7 13. Ne2 Nb6 14. Bf4 Bd6 15. Bg3 Bxg3 16. Nxg3 Nbd5 17. Qc4 Qb6 18. Qc2 Rad8 19. Qd2 Rd7 20. Ne4 Rfd8 21. Rab1 h6 22. g4 Nxe4 23. Bxe4 Nf6 24. Qf4 Rd4 25. Kg2 Nxe4 26. Qe3 Nf6 27. Rd2 Qa5 28. b3 Qd5+ 29. f3 Rxd3 30. Rxd3 Qxd3 31. Re1 Qxe3 32. Rxe3 Rd2+ 33. Kg3 Rxa2 34. Rd3 Nd5 35. Kh4 Rc2 36. Kg3 Rc3 37. Rxc3 Nxc3 38. b4 Kf8 39. Kf4 Nd5+ 40. Ke4 Nxb4 0-1

[Event "GER Cup Amateur Seniors 1st"]
[Site "Voelklingen"]
[Date "2000.10.09"]
[Round "4"]
[White "Dunkel, Horst"]
[Black "Fleckner, Hans"]
[Result "0-1"]
[WhiteElo "1651"]
[BlackElo "1817"]
[PlyCount "74"]
[EventDate "2000.10.??"]
[EventType "swiss"]
[EventRounds "9"]
[EventCountry "GER"]
[SourceTitle "EXT 2004"]
[Source "ChessBase"]
[SourceDate "2003.11.25"]
[SourceVersion "1"]
[SourceVersionDate "2003.11.25"]
[SourceQuality "1"]

1. d4 Nf6 2. Nf3 d5 3. Bg5 e6 4. e3 Be7 5. Bd3 b6 6. 0-0 Bb7 7. Nbd2 0-0 8. Qe2 Ne4 9. Bxe7 Qxe7 10. Ne5 f6 11. Nef3 Nd7 12. c3 c5 13. Ba6 Bc6 14. Bb5 Bxb5 15. Qxb5 a6 16. Qe2 f5 17. c4 Nxd2 18. Nxd2 dxc4 19. Nxc4 b5 20. Nd2 c4 21. Rfc1 Rac8 22. a4 Rc6 23. axb5 axb5 24. Qf3 Qd6 25. Ra5 Rb8 26. Rca1 b4 27. Ra8 Rbc8 28. Rxc8+ Rxc8 29. Ra8 Qc7 30. Rxc8+ Qxc8 31. Nb1 c3 32. bxc3 bxc3 33. Nxc3 Qxc3 34. g3 Qa1+ 35. Kg2 Qa5 36. Kh3 Qd5 37. Qxd5 exd5 0-1

[Event "GER Cup Amateur Seniors 1st"]
[Site "Voelklingen"]
[Date "2000.10.08"]
[Round "3"]
[White "Dunkel, Horst"]
[Black "Passeier, Helmut"]
[Result "1/2-1/2"]
[WhiteElo "1651"]
[BlackElo "1825"]
[PlyCount "33"]
[EventDate "2000.10.??"]
[EventType "swiss"]
[EventRounds "9"]
[EventCountry "GER"]
[SourceTitle "EXT 2004"]
[Source "ChessBase"]
[SourceDate "2003.11.25"]
[SourceVersion "1"]
[SourceVersionDate "2003.11.25"]
[SourceQuality "1"]

1. Nf3 d5 2. g3 g6 3. Bg2 Bg7 4. d4 Nf6 5. 0-0 0-0 6. c3 Nbd7 7. Nbd2 Re8 8. Re1 e5 9. dxe5 Nxe5 10. Nxe5 Rxe5 11. Nf3 Re8 12. h3 c6 13. Bf4 Nh5 14. Bg5 Qb6 15. Qb3 Qc5 16. Kh2 h6 17. Bd2 1/2-1/2

[Event "GER Cup Amateur Seniors 1st"]
[Site "Voelklingen"]
[Date "2000.10.06"]
[Round "1"]
[White "Simon, Eberhard"]
[Black "Dunkel, Horst"]
[Result "1-0"]
[WhiteElo "1842"]
[BlackElo "1651"]
[PlyCount "53"]
[EventDate "2000.10.??"]
[EventType "swiss"]
[EventRounds "9"]
[EventCountry "GER"]
[SourceTitle "EXT 2004"]
[Source "ChessBase"]
[SourceDate "2003.11.25"]
[SourceVersion "1"]
[SourceVersionDate "2003.11.25"]
[SourceQuality "1"]

1. e4 d5 2. exd5 Qxd5 3. Nc3 Qa5 4. Bc4 Bf5 5. Nf3 Nf6 6. 0-0 e6 7. d3 Nbd7 8. Re1 Bb4 9. Bd2 c6 10. Qe2 0-0 11. a3 Bxc3 12. Bxc3 Qc7 13. Ne5 Nd5 14. Bd2 Nxe5 15. Qxe5 Qxe5 16. Rxe5 Rfd8 17. Rae1 h6 18. h3 Rac8 19. g4 Bg6 20. Kh2 Nb6 21. Bb3 Nd7 22. R5e2 Nc5 23. Ba2 Nd7 24. Kg3 a6 25. f4 Re8 26. f5 Bh7 27. fxe6 1-0